[Event "Junior Online 4NCL Division 5"]
[Site "online"]
[Date "2021.02.18"]
[EventDate "2021.02.18"]
[Round "3.211"]
[White "Ali, Zaki"]
[WhiteElo "1189"]
[WhiteTeam "Wanstead Warriors 3"]
[Black "Patel, Thanuj"]
[BlackElo "850"]
[BlackTeam "Maidenhead Juniors 7"]
[Result "1-0"]
[PlyCount "41"]

1. e4 e5 2. Nf3 Nc6 3. Bc4 Bc5 4. c3 Nf6 5. d4 Bb6 6. Ng5 Qe7 7. dxe5 Nxe5 8. Bb3 h6 9. f4 hxg5 10. fxe5 Qxe5 11. Qe2 Nxe4 12. Be3 Bxe3 13. Qxe3 d5 14. Ba4+ Bd7 15. Bxd7+ Kxd7 16. Nd2 f5 17. Nxe4 fxe4 18. O-O c5 19. Qxc5 e3 20. Rf7+ Ke6 21. Qe7# 1-0

[Event "Junior Online 4NCL Division 5"]
[Site "online"]
[Date "2021.02.18"]
[EventDate "2021.02.18"]
[Round "3.212"]
[White "Muthukumaran, Sriram"]
[WhiteElo "787"]
[WhiteTeam "Maidenhead Juniors 7"]
[Black "Ali, Yusuf"]
[BlackElo "1197"]
[BlackTeam "Wanstead Warriors 3"]
[Result "1-0"]
[PlyCount "101"]

1. e4 e6 2. Nf3 d5 3. Nc3 d4 4. Nb5 e5 5. Nxe5 c5 6. Bc4 Nh6 7. d3 Bd6 8. Nxd6+ Qxd6 9. Bxh6 Qxe5 10. Bd2 O-O 11. O-O Nd7 12. Qf3 Nb6 13. Bb3 a5 14. Qg3 Qxg3 15. fxg3 a4 16. Bc4 Nxc4 17. dxc4 a3 18. Rab1 Be6 19. b3 Rfb8 20. Bf4 Rd8 21. Bc7 Rd7 22. Bb6 d3 23. cxd3 Rxd3 24. Bxc5 Rc8 25. Bxa3 Re3 26. Rf4 g5 27. Rf6 Rxe4 28. Bc1 Re2 29. a4 Rd8 30. Bxg5 Rd3 31. Rf3 Rxf3 32. gxf3 Re3 33. Bxe3 Bf5 34. Rd1 Kg7 35. Bd4+ Kg8 36. Bc3 h6 37. Rd8+ Kh7 38. Rh8+ Kg6 39. Rg8+ Kh7 40. Rg7+ Kh8 41. Rxf7+ Kg8 42. Rxf5 Kh7 43. Rf7+ Kg8 44. Rxb7 Kf8 45. Kf2 Ke8 46. Ke3 Kd8 47. Kd4 Kc8 48. Rh7 Kd8 49. Ke5 Ke8 50. Kf6 Kf8 51. Rh8# 1-0

[Event "Junior Online 4NCL Division 5"]
[Site "online"]
[Date "2021.02.18"]
[EventDate "2021.02.18"]
[Round "3.215"]
[White "Patel, Thanuj"]
[WhiteElo "850"]
[WhiteTeam "Maidenhead Juniors 7"]
[Black "Ali, Zaki"]
[BlackElo "1189"]
[BlackTeam "Wanstead Warriors 3"]
[Result "0-1"]
[PlyCount "48"]

1. e4 c5 2. Bb5 a6 3. Bd3 d6 4. Qf3 Nf6 5. Nh3 Bg4 6. Qg3 Nc6 7. c4 Nd4 8. O-O h5 9. a3 h4 10. Qe3 g6 11. f3 Bh6 12. Qf2 Bxh3 13. gxh3 O-O 14. Qxh4 Kg7 15. Nc3 e6 16. Qg3 d5 17. exd5 exd5 18. cxd5 Nxd5 19. Nxd5 Qxd5 20. Kf2 Rae8 21. Rg1 c4 22. Qxg6+ fxg6 23. Bxg6 Re2+ 24. Kf1 Qxf3# 0-1

[Event "Junior Online 4NCL Division 5"]
[Site "online"]
[Date "2021.02.18"]
[EventDate "2021.02.18"]
[Round "3.216"]
[White "Ali, Yusuf"]
[WhiteElo "1197"]
[WhiteTeam "Wanstead Warriors 3"]
[Black "Muthukumaran, Sriram"]
[BlackElo "787"]
[BlackTeam "Maidenhead Juniors 7"]
[Result "1-0"]
[PlyCount "49"]

1. c4 e5 2. g3 Nf6 3. Bg2 Nc6 4. e3 Bc5 5. Qe2 d6 6. d4 Bb6 7. Nf3 O-O 8. O-O Re8 9. dxe5 Nxe5 10. Nxe5 Rxe5 11. Rd1 Re8 12. b4 a6 13. c5 Ba7 14. Bb2 Rb8 15. Be5 Rxe5 16. cxd6 cxd6 17. Nd2 Bg4 18. Qe1 Bxd1 19. Qxd1 Qb6 20. Nc4 Qxb4 21. Nxe5 dxe5 22. Rb1 Qc3 23. Rxb7 Rxb7 24. Qd8+ Ne8 25. Qxe8# 1-0

[Event "Junior Online 4NCL Division 5"]
[Site "online"]
[Date "2021.02.18"]
[EventDate "2021.02.18"]
[Round "3.218"]
[White "Shivhare, Shaurya"]
[WhiteElo "1075"]
[WhiteTeam "Wanstead Warriors 3"]
[Black "Tripathi, Anaya"]
[BlackElo "716"]
[BlackTeam "Maidenhead Juniors 7"]
[Result "0-1"]
[PlyCount "45"]

1. e4 e5 2. Qh5 Nc6 3. Bc4 g6 4. Qf3 Nf6 5. c3 d6 6. g4 Bxg4 7. Qg3 Qe7 8. h3 Be6 9. Bxe6 Qxe6 10. Na3 O-O-O 11. Nf3 Nxe4 12. Ng5 Nxg5 13. Qxg5 Be7 14. Qe3 Qd5 15. O-O e4 16. Qg3 Bg5 17. Qg4+ Kb8 18. Qe2 Ne5 19. h4 Nf3+ 20. Kg2 Bxh4 21. Qe3 Bg5 22. Qe1 Nxe1+ 23. Rxe1 0-1

[Event "Junior Online 4NCL Division 5"]
[Site "online"]
[Date "2021.02.18"]
[EventDate "2021.02.18"]
[Round "3.221"]
[White "Tully, Eoin"]
[WhiteElo "700"]
[WhiteTeam "St. Laurence's BNS 2"]
[Black "Poon, Evan"]
[BlackElo "1269"]
[BlackTeam "KEGS B"]
[Result "0-1"]
[PlyCount "52"]

1. e4 e5 2. Bc4 Nf6 3. Nc3 Nc6 4. Nf3 Bc5 5. Nxe5 Nxe5 6. d4 Nxc4 7. dxc5 Ne5 8. O-O O-O 9. Bf4 Ng6 10. Bg5 h6 11. Bxf6 Qxf6 12. Qf3 Qxf3 13. gxf3 Re8 14. Nd5 Re5 15. Nxc7 Rb8 16. Nb5 Rxc5 17. Nc3 d6 18. f4 Nxf4 19. Na4 Rxc2 20. Kh1 Bh3 21. Rfc1 Rxf2 22. Rg1 Rc8 23. Nc3 Rxb2 24. Nd5 Nd3 25. Ne7+ Kf8 26. Nxc8 Nf2# 0-1

[Event "Junior Online 4NCL Division 5"]
[Site "online"]
[Date "2021.02.18"]
[EventDate "2021.02.18"]
[Round "3.223"]
[White "Rothl, Nathan"]
[WhiteElo "700"]
[WhiteTeam "St. Laurence's BNS 2"]
[Black "Badhrinath, Adhvaith B"]
[BlackElo "1165"]
[BlackTeam "KEGS B"]
[Result "0-1"]
[PlyCount "58"]

1. e4 e5 2. Nf3 Nc6 3. Nc3 Nf6 4. Bc4 Bc5 5. Ng5 d5 6. exd5 Na5 7. d6 Nxc4 8. O-O cxd6 9. d3 Nb6 10. Qf3 O-O 11. Qh3 Bxh3 12. gxh3 h6 13. Nf3 Re8 14. Kh1 e4 15. Rg1 exf3 16. Bxh6 g6 17. h4 Bxf2 18. Rg5 Re1+ 19. Rxe1 Bxe1 20. h5 Nh7 21. Rg1 Qh4 22. hxg6 Qxh6 23. gxf7+ Kxf7 24. Ne4 Qh4 25. Nxd6+ Kf8 26. Ne4 f2 27. Rf1 Ng5 28. Nf6 Nf3 29. Ne4 Qxh2# 0-1

[Event "Junior Online 4NCL Division 5"]
[Site "online"]
[Date "2021.02.18"]
[EventDate "2021.02.18"]
[Round "3.224"]
[White "Fernandes, Cleon"]
[WhiteElo "1000"]
[WhiteTeam "KEGS B"]
[Black "Tully, Daragh"]
[BlackElo "700"]
[BlackTeam "St. Laurence's BNS 2"]
[Result "1-0"]
[PlyCount "29"]

1. e4 e5 2. Nf3 Nc6 3. Bc4 Nf6 4. Ng5 Qe7 5. Bxf7+ Kd8 6. Bb3 Ng4 7. Qxg4 Nd4 8. Nf7+ Ke8 9. Nxh8 g6 10. Nc3 b5 11. Nd5 Qg7 12. Nxc7+ Kd8 13. Nxa8 Qxh8 14. Qh4+ Ke8 15. Nc7# 1-0

[Event "Junior Online 4NCL Division 5"]
[Site "online"]
[Date "2021.02.18"]
[EventDate "2021.02.18"]
[Round "3.225"]
[White "Poon, Evan"]
[WhiteElo "1269"]
[WhiteTeam "KEGS B"]
[Black "Tully, Eoin"]
[BlackElo "700"]
[BlackTeam "St. Laurence's BNS 2"]
[Result "1-0"]
[PlyCount "45"]

1. e4 e5 2. Nf3 Nc6 3. Bc4 Nf6 4. Ng5 Qe7 5. Nxf7 Rg8 6. Ng5 Rh8 7. Bf7+ Kd8 8. Bc4 Ke8 9. Nc3 h6 10. Nf3 Rh7 11. O-O Nd4 12. Nxd4 exd4 13. Nd5 Nxd5 14. Bxd5 c6 15. Bb3 Qxe4 16. Re1 Qxe1+ 17. Qxe1+ Kd8 18. d3 c5 19. Bf7 b6 20. Qe8+ Kc7 21. Bf4+ Kb7 22. Qe4+ d5 23. Bxd5+ 1-0

[Event "Junior Online 4NCL Division 5"]
[Site "online"]
[Date "2021.02.18"]
[EventDate "2021.02.18"]
[Round "3.226"]
[White "O'Brien, Robbie"]
[WhiteElo "696"]
[WhiteTeam "St. Laurence's BNS 2"]
[Black "Thompson, Thomas George"]
[BlackElo "1143"]
[BlackTeam "KEGS B"]
[Result "0-1"]
[PlyCount "50"]

1. e4 e5 2. Nf3 Nc6 3. Nc3 Nf6 4. Bc4 Nxe4 5. Nxe4 d5 6. Bxd5 Qxd5 7. Nc3 Qd8 8. O-O Bc5 9. d3 O-O 10. Bg5 f6 11. Bd2 Bg4 12. h3 Bh5 13. a3 Nd4 14. Nxd4 Bxd1 15. Rfxd1 Bxd4 16. Nb5 a6 17. Nxd4 Qxd4 18. Bb4 Rfe8 19. c3 Qa7 20. d4 exd4 21. Rxd4 Rad8 22. Rxd8 Rxd8 23. Re1 Rd2 24. Rb1 Qxf2+ 25. Kh2 Qxg2# 0-1

[Event "Junior Online 4NCL Division 5"]
[Site "online"]
[Date "2021.02.18"]
[EventDate "2021.02.18"]
[Round "3.227"]
[White "Badhrinath, Adhvaith B"]
[WhiteElo "1165"]
[WhiteTeam "KEGS B"]
[Black "Rothl, Nathan"]
[BlackElo "700"]
[BlackTeam "St. Laurence's BNS 2"]
[Result "1/2-1/2"]
[PlyCount "169"]

1. e4 e5 2. Nf3 Nc6 3. Bc4 h6 4. Nc3 Nf6 5. d3 d6 6. h3 Be7 7. Nd5 Nxd5 8. exd5 Nb4 9. Bd2 a5 10. c3 O-O 11. cxb4 axb4 12. Bxb4 Bh4 13. g3 e4 14. dxe4 Bxg3 15. fxg3 c6 16. dxc6 bxc6 17. e5 dxe5 18. Nxe5 Qxd1+ 19. Rxd1 Bb7 20. Rd7 Rfd8 21. Rxd8+ Rxd8 22. Kf2 c5 23. Bxc5 Bxh1 24. a4 Rd2+ 25. Ke1 Rxb2 26. Nxf7 Rb1+ 27. Kf2 Rc1 28. Ne5+ Kh7 29. a5 Rc2+ 30. Ke3 Rc3+ 31. Kd4 Rxg3 32. a6 Rxh3 33. a7 Rh4+ 34. Kc3 Rh3+ 35. Kd4 Rh4+ 36. Kc3 Rh2 37. Bd3+ Kh8 38. Nf7+ Kg8 39. Bc4 Rh3+ 40. Kd4 Rh4+ 41. Kc3 Rh3+ 42. Kb4 Rh2 43. Ne5+ Kh7 44. Kb5 Rb2+ 45. Bb4 Rh2 46. Nc6 Rh5+ 47. Bc5 Kg6 48. a8=Q Rf5 49. Bd3 Bxc6+ 50. Qxc6+ Kg5 51. Bxf5 Kxf5 52. Qd5+ Kf4 53. Qf7+ Ke4 54. Qxg7 h5 55. Qg6+ Kf3 56. Qxh5+ Kf4 57. Bd6+ Ke4 58. Qe5+ Kf3 59. Qf4+ Ke2 60. Bc5 Kd3 61. Qe3+ Kc2 62. Bb4 Kb2 63. Qc3+ Ka2 64. Qa3+ Kb1 65. Bf8 Kc2 66. Kc4 Kd2 67. Qd3+ Ke1 68. Bb4+ Kf2 69. Qc3 Kg2 70. Bd6 Kf2 71. Qg3+ Ke2 72. Qd3+ Kf2 73. Kc3 Kg2 74. Qe3 Kf1 75. Bc5 Kg2 76. Kd2 Kh2 77. Bd6+ Kg2 78. Qg3+ Kf1 79. Qf3+ Kg1 80. Bc5+ Kh2 81. Ke3 Kg1 82. Qf2+ Kh1 83. Qe2 Kg1 84. Qd2 Kh1 85. Kf3 1/2-1/2

[Event "Junior Online 4NCL Division 5"]
[Site "online"]
[Date "2021.02.18"]
[EventDate "2021.02.18"]
[Round "3.228"]
[White "Tully, Daragh"]
[WhiteElo "700"]
[WhiteTeam "St. Laurence's BNS 2"]
[Black "Fernandes, Cleon"]
[BlackElo "1000"]
[BlackTeam "KEGS B"]
[Result "0-1"]
[PlyCount "66"]

1. e4 e5 2. Nf3 Nc6 3. Nc3 Nf6 4. Bc4 Nb4 5. O-O Bc5 6. h3 O-O 7. d3 Bd4 8. Nb5 a6 9. Nbxd4 exd4 10. Nxd4 b5 11. Bb3 c5 12. Nf5 d6 13. Bf4 Bxf5 14. exf5 d5 15. Be5 c4 16. dxc4 bxc4 17. Ba4 Qa5 18. b3 c3 19. Bf4 Rad8 20. Qf3 d4 21. Qg3 Kh8 22. Qxg7+ Kxg7 23. Rae1 Nxc2 24. Rc1 Nb4 25. Be5 Nxa2 26. Ra1 Nb4 27. g4 c2 28. Rac1 d3 29. Rfe1 d2 30. Rxc2 Nxc2 31. Rd1 Qxe5 32. Bc6 Qe2 33. Rxd2 Rxd2 0-1

[Event "Junior Online 4NCL Division 5"]
[Site "online"]
[Date "2021.02.18"]
[EventDate "2021.02.18"]
[Round "3.231"]
[White "Rajeev-Lazar, Csilla"]
[WhiteElo "1213"]
[WhiteTeam "Maidenhead Juniors 4"]
[Black "Gardner, Zac"]
[BlackElo "1139"]
[BlackTeam "Barnet Knights F"]
[Result "1/2-1/2"]
[PlyCount "146"]

1. d4 d5 2. c4 Nf6 3. g3 Bf5 4. Bg2 e6 5. Nc3 Nc6 6. c5 Nb4 7. e4 Nxe4 8. Nxe4 Bxe4 9. Bxe4 dxe4 10. f3 exf3 11. Nxf3 Be7 12. a3 Nc6 13. b4 Bf6 14. Bb2 e5 15. d5 Ne7 16. d6 cxd6 17. cxd6 Nf5 18. d7+ Qxd7 19. Qxd7+ Kxd7 20. O-O-O+ Ke7 21. Rde1 Rhe8 22. Nxe5 Kf8 23. Nd3 Rxe1+ 24. Rxe1 Rc8+ 25. Kb1 Bxb2 26. Kxb2 Nd4 27. Kb1 Rc3 28. Re3 Rxa3 29. Kb2 Rb3+ 30. Kc1 Nf5 31. Rf3 Nd4 32. Re3 b6 33. Kd2 a5 34. bxa5 bxa5 35. Re1 a4 36. Ra1 a3 37. Kc1 a2 38. Kd2 Ra3 39. Nb4 Nb3+ 40. Kc2 Nxa1+ 41. Kb2 Nc2 42. Nxc2 Ra8 43. Ka1 Rc8 44. Nd4 Rd8 45. Nb3 Rd1+ 46. Kxa2 Rh1 47. Ka3 Rxh2 48. Kb4 Rg2 49. Nd4 Rxg3 50. Kc5 h5 51. Kd5 h4 52. Ke4 h3 53. Kf4 h2 54. Kxg3 h1=Q 55. Kf4 Qh4+ 56. Ke3 g5 57. Kf3 g4+ 58. Kg2 g3 59. Ne2 Qh2+ 60. Kf3 Qxe2+ 61. Kxe2 f5 62. Kf3 Kf7 63. Kxg3 Kf6 64. Kf4 Ke6 65. Kf3 Ke5 66. Ke3 f4+ 67. Kf3 Kf5 68. Kf2 Kg4 69. Kg2 f3+ 70. Kf2 Kf4 71. Kf1 Ke3 72. Ke1 f2+ 73. Kf1 Kf3 1/2-1/2

[Event "Junior Online 4NCL Division 5"]
[Site "online"]
[Date "2021.02.18"]
[EventDate "2021.02.18"]
[Round "3.232"]
[White "Saunders, Oliver"]
[WhiteElo "1104"]
[WhiteTeam "Barnet Knights F"]
[Black "Kumar, Satyam"]
[BlackElo "1204"]
[BlackTeam "Maidenhead Juniors 4"]
[Result "1/2-1/2"]
[PlyCount "112"]

1. e4 e5 2. Bc4 Nf6 3. Nc3 Bc5 4. Nf3 Nc6 5. d3 d6 6. Bg5 Bg4 7. h3 Bh5 8. Nd5 Bxf3 9. Qxf3 Nd4 10. Qd1 c6 11. Nxf6+ gxf6 12. Bh6 f5 13. Qh5 Qf6 14. O-O-O b5 15. Bb3 Nxb3+ 16. axb3 f4 17. Qg4 Qxh6 18. Rhg1 Qg6 19. Qf3 Qe6 20. g4 O-O-O 21. Rg2 a5 22. Qe2 a4 23. bxa4 bxa4 24. f3 Qa2 25. Kd2 Bb4+ 26. c3 Qxb2+ 27. Ke1 Bxc3+ 28. Kf1 a3 29. Qc2 Qxc2 30. Rxc2 Bd4 31. Rxc6+ Kd7 32. Ra6 Ra8 33. Rxa8 Rxa8 34. Ke2 a2 35. Kf1 a1=Q 36. Rxa1 Rxa1+ 37. Ke2 Ra2+ 38. Kd1 Ra3 39. Kc2 Rc3+ 40. Kd2 Ra3 41. Kc2 Be3 42. Kb2 Rxd3 43. Kc2 Ra3 44. Kd1 Bd4 45. Ke2 Ke6 46. h4 d5 47. h5 dxe4 48. fxe4 Re3+ 49. Kf2 Rxe4+ 50. Kf3 Re3+ 51. Kf2 Kf6 52. Kg2 Kg5 53. h6 Kxg4 54. Kf2 Re4+ 55. Kg2 Re2+ 56. Kf1 Kf3 1/2-1/2

[Event "Junior Online 4NCL Division 5"]
[Site "online"]
[Date "2021.02.18"]
[EventDate "2021.02.18"]
[Round "3.234"]
[White "Scheffel, Oliver"]
[WhiteElo "971"]
[WhiteTeam "Barnet Knights F"]
[Black "Anchan, Anirudh"]
[BlackElo "1086"]
[BlackTeam "Maidenhead Juniors 4"]
[Result "0-1"]
[PlyCount "60"]

1. e4 e5 2. Nf3 Nc6 3. Bc4 Bc5 4. Nc3 Nf6 5. O-O O-O 6. Be2 a6 7. d3 h6 8. Be3 b6 9. Bxc5 bxc5 10. Nd5 Nxd5 11. exd5 Ne7 12. c4 Rb8 13. b3 Nf5 14. Nxe5 d6 15. Nc6 Qf6 16. Nxb8 Bb7 17. Nd7 Qe7 18. Nxf8 Kxf8 19. Bg4 Qg5 20. Bxf5 Qxf5 21. Qe2 Qg6 22. Rfe1 f6 23. Qe7+ Kg8 24. Qxc7 Qf7 25. Re7 Qg6 26. Qxb7 Kh7 27. Rae1 h5 28. Rf7 Qh6 29. Ree7 Qc1+ 30. Re1 Qxe1# 0-1

[Event "Junior Online 4NCL Division 5"]
[Site "online"]
[Date "2021.02.18"]
[EventDate "2021.02.18"]
[Round "3.235"]
[White "Gardner, Zac"]
[WhiteElo "1139"]
[WhiteTeam "Barnet Knights F"]
[Black "Rajeev-Lazar, Csilla"]
[BlackElo "1213"]
[BlackTeam "Maidenhead Juniors 4"]
[Result "1-0"]
[PlyCount "57"]

1. e4 Nf6 2. e5 Nd5 3. Bc4 Nb6 4. Bb3 f6 5. Qf3 d5 6. exf6 exf6 7. Nc3 Be6 8. d4 Nc6 9. Nge2 Bd6 10. O-O O-O 11. Bxd5 Nxd5 12. Nxd5 Bxd5 13. Qxd5+ Kh8 14. Qh5 Qe7 15. Bf4 Bxf4 16. Nxf4 Nxd4 17. Ng6+ Kg8 18. Nxe7+ Kh8 19. Ng6+ Kg8 20. Nxf8 Rxf8 21. Qd5+ Kh8 22. Qxd4 h6 23. Rfe1 Kg8 24. Re2 Kh7 25. Rae1 Rc8 26. Qd3+ g6 27. Qd7+ Kg8 28. Qxc8+ Kg7 29. Re7# 1-0

[Event "Junior Online 4NCL Division 5"]
[Site "online"]
[Date "2021.02.18"]
[EventDate "2021.02.18"]
[Round "3.237"]
[White "Pugh, Ben"]
[WhiteElo "993"]
[WhiteTeam "Barnet Knights F"]
[Black "Bade, Susmita"]
[BlackElo "1135"]
[BlackTeam "Maidenhead Juniors 4"]
[Result "0-1"]
[PlyCount "68"]

1. d4 d5 2. e3 Nc6 3. Nf3 Bf5 4. Nbd2 e6 5. c3 Bd6 6. Bb5 Ne7 7. Qe2 Bg4 8. Bd3 O-O 9. h3 Bh5 10. O-O Na5 11. b4 Nac6 12. Ba3 e5 13. dxe5 Nxe5 14. Nxe5 Bxe2 15. Bxe2 Bxe5 16. Nf3 Bxc3 17. Rac1 Bf6 18. Rc2 Ng6 19. Rfc1 Rc8 20. b5 c6 21. Bxf8 Kxf8 22. bxc6 bxc6 23. Rxc6 Rxc6 24. Rxc6 Ne5 25. Nxe5 Bxe5 26. Bg4 Bc7 27. e4 Qe7 28. exd5 g6 29. Ra6 Qe5 30. Rxa7 Bb6 31. Ra8+ Kg7 32. Bf3 Bc7 33. Rc8 Qa1+ 34. Bd1 Qxd1# 0-1

[Event "Junior Online 4NCL Division 5"]
[Site "online"]
[Date "2021.02.18"]
[EventDate "2021.02.18"]
[Round "3.238"]
[White "Anchan, Anirudh"]
[WhiteElo "1086"]
[WhiteTeam "Maidenhead Juniors 4"]
[Black "Scheffel, Oliver"]
[BlackElo "971"]
[BlackTeam "Barnet Knights F"]
[Result "1-0"]
[PlyCount "39"]

1. e4 e5 2. Nf3 Nc6 3. Bc4 Bc5 4. O-O Nf6 5. Nc3 O-O 6. d3 Be7 7. h3 d6 8. Ng5 Ng4 9. Nxf7 Nxf2 10. Nxd8+ Kh8 11. Rxf2 g6 12. Rxf8+ Bxf8 13. Nf7+ Kg7 14. Ng5 Be7 15. Ne6+ Bxe6 16. Bxe6 Rf8 17. Qd2 Nd4 18. Qh6+ Kh8 19. Bg5 Bxg5 20. Qxf8# 1-0

[Event "Junior Online 4NCL Division 5"]
[Site "online"]
[Date "2021.02.18"]
[EventDate "2021.02.18"]
[Round "3.241"]
[White "Cooney, Lorcan"]
[WhiteElo "1255"]
[WhiteTeam "St. Laurence's BNS 1"]
[Black "Bharathidasan Vidhya, Shravan"]
[BlackElo "962"]
[BlackTeam "Leeds Juniors 3"]
[Result "0-1"]
[PlyCount "87"]

1. e4 c6 2. d4 d5 3. e5 Bf5 4. h4 e6 5. g4 Be4 6. f3 Bxf3 7. Nxf3 Bb4+ 8. c3 Ba5 9. g5 h6 10. gxh6 Nxh6 11. Bxh6 Rxh6 12. Rg1 g6 13. Ng5 Rxh4 14. Nf3 Re4+ 15. Be2 Nd7 16. Nbd2 Rf4 17. Qc2 Qe7 18. O-O-O O-O-O 19. Qa4 Bb6 20. Ng5 Nc5 21. Qc2 Na6 22. Bxa6 bxa6 23. Qa4 Rf5 24. Ngf3 Kb7 25. Qb3 Kc7 26. a4 Rb8 27. Qc2 c5 28. dxc5 Qxc5 29. Nd4 Rxe5 30. Rgf1 Rc8 31. Rxf7+ Kb8 32. N2f3 Re3 33. Ng5 e5 34. Nde6 Qc4 35. b3 Qc6 36. Rf3 Rxf3 37. Nxf3 Qxe6 38. Kb2 Qf5 39. Qe2 Qg4 40. Qxe5+ Bc7 41. Qxd5 Rd8 42. Qg5 Qxg5 43. Rxd8+ Qxd8 44. Kc2 0-1

[Event "Junior Online 4NCL Division 5"]
[Site "online"]
[Date "2021.02.18"]
[EventDate "2021.02.18"]
[Round "3.242"]
[White "Birolo, Enzo Bez"]
[WhiteElo "987"]
[WhiteTeam "Leeds Juniors 3"]
[Black "Walsh, Conor"]
[BlackElo "800"]
[BlackTeam "St. Laurence's BNS 1"]
[Result "1-0"]
[PlyCount "57"]

1. Nf3 c5 2. e4 Nf6 3. d3 d6 4. Bd2 Bg4 5. Be2 Nc6 6. O-O g6 7. Ng5 Bxe2 8. Qxe2 h6 9. Nf3 Bg7 10. Bc3 O-O 11. Qd2 b5 12. Bxf6 Bxf6 13. Qxh6 Bg7 14. Qh3 e6 15. Nbd2 Bxb2 16. Rab1 Bc3 17. Rxb5 Bxd2 18. Nxd2 Nd4 19. Rbb1 Nxc2 20. Nf3 Nb4 21. Rb3 Nxa2 22. e5 d5 23. d4 c4 24. Rb2 Nc3 25. Rc1 Rb8 26. Rxb8 Qxb8 27. Ng5 Ne2+ 28. Kf1 Ng3+ 29. hxg3 1-0

[Event "Junior Online 4NCL Division 5"]
[Site "online"]
[Date "2021.02.18"]
[EventDate "2021.02.18"]
[Round "3.243"]
[White "McAuley, Jamie"]
[WhiteElo "700"]
[WhiteTeam "St. Laurence's BNS 1"]
[Black "RoyChowdhury, Aashita"]
[BlackElo "950"]
[BlackTeam "Leeds Juniors 3"]
[Result "0-1"]
[PlyCount "52"]

1. e4 c5 2. Nf3 Nc6 3. Nc3 d6 4. Bc4 e6 5. d3 Nf6 6. O-O Be7 7. Bg5 h6 8. Bxf6 Bxf6 9. h3 O-O 10. a3 Bxc3 11. bxc3 d5 12. exd5 exd5 13. Bb5 Bd7 14. d4 a6 15. Bxc6 Bxc6 16. dxc5 Qa5 17. Qd3 Qxc5 18. Rab1 Qxa3 19. Nd4 Bb5 20. Nxb5 axb5 21. Qxb5 Qxc3 22. Qxd5 Qxc2 23. Qxb7 Rfb8 24. Rfc1 Qa4 25. Qe4 Qxe4 26. Re1 Rxb1 0-1

[Event "Junior Online 4NCL Division 5"]
[Site "online"]
[Date "2021.02.18"]
[EventDate "2021.02.18"]
[Round "3.244"]
[White "Kumar, Rehan"]
[WhiteElo "950"]
[WhiteTeam "Leeds Juniors 3"]
[Black "O'Donnell, Donal"]
[BlackElo "700"]
[BlackTeam "St. Laurence's BNS 1"]
[Result "1-0"]
[PlyCount "95"]

1. d4 d5 2. Nf3 Nc6 3. e3 Nf6 4. c4 dxc4 5. Bxc4 Bg4 6. Bb5 e6 7. Bxc6+ Ke7 8. Bxb7 Rb8 9. Bc6 Qd6 10. Ba4 Ne4 11. h3 Bh5 12. g4 Bg6 13. Ne5 Rb4 14. Nxg6+ hxg6 15. a3 Rb6 16. Bd2 Rxb2 17. Bb4 c5 18. Bxc5 Nxc5 19. dxc5 Qxc5 20. Qd7+ Kf6 21. Qd4+ Kg5 22. f4+ Kh4 23. Qxb2 Qxe3+ 24. Kd1 Qf3+ 25. Qe2 Qxh1+ 26. Qe1+ Kxh3 27. Qxh1+ Kg3 28. Qxh8 Kxg4 29. Qxf8 Kxf4 30. Qxg7 Kf5 31. Qxf7+ Kg5 32. Qxe6 Kh6 33. Qe3+ g5 34. Qh3+ Kg6 35. Bc2+ Kf6 36. Qh6+ Ke5 37. Qxg5+ Kd6 38. Qg6+ Kc7 39. Qg7+ Kb6 40. Nc3 a5 41. Na4+ Kb5 42. Rb1+ Kc4 43. Qc3+ Kd5 44. Rb5+ Kd6 45. Qf6+ Kc7 46. Qb6+ Kd7 47. Rd5+ Kc8 48. Bf5# 1-0

[Event "Junior Online 4NCL Division 5"]
[Site "online"]
[Date "2021.02.18"]
[EventDate "2021.02.18"]
[Round "3.245"]
[White "Bharathidasan Vidhya, Shravan"]
[WhiteElo "962"]
[WhiteTeam "Leeds Juniors 3"]
[Black "Cooney, Lorcan"]
[BlackElo "1255"]
[BlackTeam "St. Laurence's BNS 1"]
[Result "0-1"]
[PlyCount "56"]

1. d4 d5 2. Nc3 e6 3. Bf4 c5 4. Nf3 Nf6 5. Bg5 Nbd7 6. e4 Be7 7. e5 Ne4 8. Nxe4 dxe4 9. Bxe7 Qxe7 10. Nd2 cxd4 11. Nxe4 Qb4+ 12. c3 dxc3 13. Nxc3 Qxb2 14. Ne4 Qxe5 15. Qe2 Qxa1+ 16. Kd2 Qxa2+ 17. Ke3 Qxe2+ 18. Kxe2 O-O 19. g3 b6 20. Bg2 Bb7 21. Nf6+ Nxf6 22. Bxb7 Rad8 23. Ra1 a5 24. Rb1 Rd6 25. Bf3 Rb8 26. Rc1 b5 27. Bb7 Rdd8 28. Bf3 b4 0-1

[Event "Junior Online 4NCL Division 5"]
[Site "online"]
[Date "2021.02.18"]
[EventDate "2021.02.18"]
[Round "3.246"]
[White "Walsh, Conor"]
[WhiteElo "800"]
[WhiteTeam "St. Laurence's BNS 1"]
[Black "Birolo, Enzo Bez"]
[BlackElo "987"]
[BlackTeam "Leeds Juniors 3"]
[Result "1-0"]
[PlyCount "151"]

1. d4 d5 2. c4 Nf6 3. cxd5 Nxd5 4. e4 Nf4 5. Bxf4 e6 6. Nf3 Bd6 7. Bxd6 Qxd6 8. Bc4 Bd7 9. Nc3 a6 10. O-O b5 11. Bb3 c5 12. e5 cxd4 13. Qxd4 Qxd4 14. Nxd4 b4 15. Ne4 O-O 16. Nd6 Nc6 17. Nxc6 Bxc6 18. f4 g6 19. g4 Rfd8 20. f5 gxf5 21. gxf5 exf5 22. Bxf7+ Kf8 23. Rxf5 Ke7 24. Bh5 Ke6 25. Rf6+ Kxe5 26. Raf1 Rxd6 27. R1f5+ Ke4 28. Rxd6 Kxf5 29. Rxc6 Rg8+ 30. Kf2 Kg5 31. Bf3 Rf8 32. Rxa6 Kh4 33. Rh6+ Kg5 34. Rxh7 Rb8 35. h4+ Kg6 36. Rc7 b3 37. a3 Kh6 38. a4 Ra8 39. Rc4 Rb8 40. Ke3 Kg6 41. h5+ Kh6 42. Rc6+ Kh7 43. Kd4 Rb4+ 44. Rc4 Rb8 45. Kc3 Rf8 46. Be4+ Kh6 47. Kxb3 Kxh5 48. Rc5+ Kg4 49. a5 Rb8+ 50. Ka3 Kf4 51. Bh1 Ke3 52. b4 Kd4 53. Ka4 Rb7 54. a6 Ra7 55. Ka5 Rh7 56. Bb7 Rh1 57. a7 Ra1+ 58. Kb6 Kd3 59. a8=Q Rxa8 60. Bxa8 Kd4 61. b5 Kd3 62. Ka7 Kd4 63. b6 Kxc5 64. b7 Kd5 65. b8=Q+ Kc5 66. Qb6+ Kc4 67. Qa5 Kd4 68. Qb5 Ke3 69. Qc4 Kf2 70. Qd3 Ke1 71. Qc2 Kf1 72. Kb6 Ke1 73. Kc5 Kf1 74. Kd4 Ke1 75. Ke3 Kf1 76. Qf2# 1-0

[Event "Junior Online 4NCL Division 5"]
[Site "online"]
[Date "2021.02.18"]
[EventDate "2021.02.18"]
[Round "3.247"]
[White "RoyChowdhury, Aashita"]
[WhiteElo "950"]
[WhiteTeam "Leeds Juniors 3"]
[Black "McAuley, Jamie"]
[BlackElo "700"]
[BlackTeam "St. Laurence's BNS 1"]
[Result "0-1"]
[PlyCount "118"]

1. d4 d5 2. Nf3 Nc6 3. e3 Nf6 4. Bd3 Qd6 5. O-O e5 6. c3 exd4 7. cxd4 Nb4 8. a3 Nxd3 9. Qxd3 Ne4 10. Nbd2 Bf5 11. Nxe4 dxe4 12. Qe2 exf3 13. Qxf3 Qg6 14. Qxb7 Rd8 15. Qxc7 Bh3 16. Qe5+ Be7 17. Qg3 Qxg3 18. fxg3 Bc8 19. Bd2 Bg5 20. Ba5 Rd5 21. b4 Bxe3+ 22. Kh1 Bxd4 23. Rad1 Bg4 24. Rd2 Bc8 25. Rf4 Re5 26. Rf1 Rd5 27. Rf4 Re5 28. Rd1 Bb6 29. Bxb6 axb6 30. Rdf1 O-O 31. Rc4 Ba6 32. Rcf4 Bxf1 33. Rxf1 Rfe8 34. Kg1 Re1 35. Rxe1 Rxe1+ 36. Kf2 Ra1 37. Ke3 Rxa3+ 38. Kd4 Rb3 39. Kc4 Rb2 40. Kc3 Rxg2 41. Kc4 Rxh2 42. Kb5 Rb2 43. g4 Kf8 44. Kc4 Rg2 45. Kb5 Rxg4 46. Kxb6 Rxb4+ 47. Kc5 Re4 48. Kd5 Re8 49. Kd6 h5 50. Kd7 h4 51. Kd6 h3 52. Kd5 h2 53. Kd4 h1=Q 54. Kd3 Qe4+ 55. Kd2 Qe3+ 56. Kd1 Qe2+ 57. Kc1 Rc8+ 58. Kb1 Qc2+ 59. Ka1 Ra8# 0-1

[Event "Junior Online 4NCL Division 5"]
[Site "online"]
[Date "2021.02.18"]
[EventDate "2021.02.18"]
[Round "3.248"]
[White "O'Donnell, Donal"]
[WhiteElo "700"]
[WhiteTeam "St. Laurence's BNS 1"]
[Black "Kumar, Rehan"]
[BlackElo "950"]
[BlackTeam "Leeds Juniors 3"]
[Result "0-1"]
[PlyCount "100"]

1. e4 c5 2. Nf3 Nf6 3. Nc3 g6 4. Bc4 d6 5. b3 Bg4 6. Bb2 Bxf3 7. gxf3 Bg7 8. Qe2 O-O 9. O-O-O Nc6 10. h4 Nb4 11. Kb1 a6 12. f4 b5 13. Bd3 Nxd3 14. Qxd3 Rc8 15. e5 dxe5 16. fxe5 Qxd3 17. cxd3 Nd7 18. h5 Bxe5 19. hxg6 Bxc3 20. dxc3 fxg6 21. f4 Rxf4 22. Rde1 e5 23. Rxe5 Nxe5 24. d4 cxd4 25. cxd4 Nd3 26. Bc1 Rxc1+ 27. Rxc1 Nxc1 28. Kxc1 Rxd4 29. Kc2 Rd8 30. Kc3 h5 31. Kc2 h4 32. Kb2 h3 33. Ka3 h2 34. Kb2 h1=Q 35. Ka3 Qc1+ 36. Kb4 Rd4+ 37. Ka5 Qa3+ 38. Kb6 Qd6+ 39. Ka5 Rb4 40. a3 Rh4 41. b4 Qc7+ 42. Kxa6 Qc6+ 43. Ka5 Qa8+ 44. Kb6 Qxa3 45. Kc5 Rc4+ 46. Kb6 Qxb4 47. Ka6 Rc6+ 48. Kb7 Rf6 49. Kc7 Qe7+ 50. Kc8 Rf8# 0-1